جامعة القاهرة في عيدها المئوي : الجامعة المصرية 1940م, جامعة فؤاد الاول 1940م, جامعة القاهرة 1953م / Ǧāmiʻat al-Qāhira fī ʻīdihā al-miʼawī : al-Ǧāmiʻa al-Miṣrīya 1908m, Ǧāmiʻat Fuʼād al-Auwal 1940m, Ǧāmiʻat al-Qāhira 1953m

محفوظ في:

المؤلف الرئيسي: Maḥmūd Fauzī al- Munāwī.

التنسيق: كتاب

اللغة: Undetermined

منشور في: Al-Qāhirah : al-Maktaba al-ʼAkādīmīya, 2007.

الوسوم: إضافة وسم

لا توجد وسوم, كن أول من يضع وسما على هذه التسجيلة!

رقم الطلب: LG511 .C48 M836

LEADER 00742nam a2200145Ia 4500
008 240329s9999||||xx |||||||||||||| ||und||
020 |a 9789772813483 
050 4 |a LG511 .C48 M836 
100 1 |a Maḥmūd Fauzī al- Munāwī. 
245 1 0 |a جامعة القاهرة في عيدها المئوي : الجامعة المصرية 1940م, جامعة فؤاد الاول 1940م, جامعة القاهرة 1953م / Ǧāmiʻat al-Qāhira fī ʻīdihā al-miʼawī : al-Ǧāmiʻa al-Miṣrīya 1908m, Ǧāmiʻat Fuʼād al-Auwal 1940m, Ǧāmiʻat al-Qāhira 1953m  |c Maḥmūd Fauzī al- Munāwī 
264 1 |a Al-Qāhirah :  |b al-Maktaba al-ʼAkādīmīya,  |c 2007. 
300 |a 385  |b Illustrationen  |c 28 
500 |a In arab. Schr 
942 |2 lcc  |c BK 
999 |c 57808  |d 57808